LEADER 02110oam 2200517M 450 001 9910716267103321 005 20200213071032.4 035 $a(CKB)5470000002519453 035 $a(OCoLC)1065766900 035 $a(OCoLC)995470000002519453 035 $a(EXLCZ)995470000002519453 100 $a20071213d1926 ua 0 101 0 $aeng 135 $aurcn||||||||| 181 $ctxt$2rdacontent 182 $cc$2rdamedia 183 $acr$2rdacarrier 200 10$aChanging the name of "The Trustees of St. Joseph's Male Orphan Asylum" and amending the act incorporating the same in the District of Columbia. March 3 (calendar day, March 5), 1926. -- Ordered to be printed 210 1$a[Washington, D.C.] :$c[U.S. Government Printing Office],$d1926. 215 $a1 online resource (2 pages) 225 1 $aSenate report / 69th Congress, 1st session. Senate ;$vno. 273 225 1 $a[United States congressional serial set ] ;$v[serial no. 8524] 300 $aBatch processed record: Metadata reviewed, not verified. Some fields updated by batch processes. 300 $aFDLP item number not assigned. 517 $aChanging the name of "The Trustees of St. Joseph's Male Orphan Asylum" and amending the act incorporating the same in the District of Columbia. March 3 606 $aLegislative amendments 606 $aOrphanages 606 $aReal property 606 $aNames, Personal 606 $aValuation 608 $aLegislative materials.$2lcgft 615 0$aLegislative amendments. 615 0$aOrphanages. 615 0$aReal property. 615 0$aNames, Personal. 615 0$aValuation. 701 $aCapper$b Arthur$f1865-1951$pRepublican (KS)$01386839 801 0$bWYU 801 1$bWYU 801 2$bOCLCO 801 2$bOCLCQ 801 2$bOCLCO 906 $aBOOK 912 $a9910716267103321 996 $aChanging the name of "The Trustees of St. Joseph's Male Orphan Asylum" and amending the act incorporating the same in the District of Columbia. March 3 (calendar day, March 5), 1926. -- Ordered to be printed$93451649 997 $aUNINA LEADER 03756nam 2200757Ia 450 001 9910970974803321 005 20200520144314.0 010 $a9786612426315 010 $a9781282426313 010 $a1282426311 010 $a9780226167237 010 $a0226167232 024 7 $a10.7208/9780226167237 035 $a(CKB)2550000000001709 035 $a(EBL)471849 035 $a(OCoLC)527658005 035 $a(SSID)ssj0000342346 035 $a(PQKBManifestationID)11947749 035 $a(PQKBTitleCode)TC0000342346 035 $a(PQKBWorkID)10286073 035 $a(PQKB)10211907 035 $a(SSID)ssj0000441724 035 $a(PQKBManifestationID)12139495 035 $a(PQKBTitleCode)TC0000441724 035 $a(PQKBWorkID)10424861 035 $a(PQKB)11277251 035 $a(MiAaPQ)EBC471849 035 $a(DE-B1597)535837 035 $a(OCoLC)1088500154 035 $a(DE-B1597)9780226167237 035 $a(Au-PeEL)EBL471849 035 $a(CaPaEBR)ebr10349948 035 $a(CaONFJC)MIL242631 035 $a(Perlego)1972178 035 $a(EXLCZ)992550000000001709 100 $a19980219d1996 uy 0 101 0 $aeng 135 $aur|n|---||||| 181 $ctxt 182 $cc 183 $acr 200 10$aRescuing history from the nation $equestioning narratives of modern China /$fPrasenjit Duara 205 $aPbk. ed. 210 $aChicago $cUniversity of Chicago Press$d1996, c1995 215 $a1 online resource (287 p.) 300 $aDescription based upon print version of record. 311 08$a9780226167220 311 08$a0226167224 311 08$a9780226167213 311 08$a0226167216 320 $aIncludes bibliographical references (p. [237]-257) and index. 327 $tFrontmatter -- $tContents -- $tAcknowledgments -- $tPart One -- $tPart Two -- $tConclusion -- $tReferences -- $tIndex 330 $aPrasenjit Duara offers the first systematic account of the relationship between the nation-state, nationalism, and the concept of linear history. Focusing primarily on China and including discussion of India, Duara argues that many historians of postcolonial nation-states have adopted a linear, evolutionary history of the Enlightenment/colonial model. As a result, they have written repressive, exclusionary, and incomplete accounts. The backlash against such histories has resulted in a tendency to view the past as largely constructed, imagined, or invented. In this book, Duara offers a way out of the impasse between constructionism and the evolving nation; he redefines history as a series of multiple, often conflicting narratives produced simultaneously at national, local, and transnational levels. In a series of closely linked case studies, he considers such examples as the very different histories produced by Chinese nationalist reformers and partisans of popular religions, the conflicting narratives of statist nationalists and of advocates of federalism in early twentieth-century China. He demonstrates the necessity of incorporating contestation, appropriation, repression, and the return of the repressed subject into any account of the past that will be meaningful to the present. Duara demonstrates how to write histories that resist being pressed into the service of the national subject in its progress-or stalled progress-toward modernity. 606 $aCivilization, Oriental 607 $aChina$xHistory 615 0$aCivilization, Oriental. 676 $a951.0072 676 $a951/.072 700 $aDuara$b Prasenjit$0250251 801 0$bMiAaPQ 801 1$bMiAaPQ 801 2$bMiAaPQ 906 $aBOOK 912 $a9910970974803321 996 $aRescuing history from the nation$94359039 997 $aUNINA